000 00778nam a2200217 a 4500
001 000043826
005 20201002045006.0
008 140506s1978 sp 000 0 spa d
020 _a8430621059
040 _aDO-SdBNP
_bspa
_cBNPHU
082 _axxxx
_bxxxx
245 0 0 _aLeopoldo Alas «Clarin» /
_cedición de José María Martínez Cachero.
260 _aMadrid :
_bTaurus,
_c1978.
300 _a276 p. ;
_c21 cm.
490 1 _aPerfiles
_ael escritor y la crítica
_v105
500 _aIncluye referencias bibliográficas y notas al pie de las páginas
504 _aBibliografía: p. 273-276
700 1 2 _aAlas, Leopoldo,
_d1852-1901.
_940133
700 1 2 _aMartínez Cachero, José María
_d1924-2010.
_971678
830 0 _aPerfiles ;
_pEl escritor y la crítica
_n105
_971679
999 _c43315
_d43315